• 首页
  • 本馆介绍
  • 公告通知
  • 最新文献
  • 馆藏检索
  • 电子资源
  • 读者导购
  • 参考咨询
  • 我的图书馆
  • 登录
  • 详细信息显示
  • 放入我的书架
  • 预约/预借图书
  • 作者相关作品
  • 分类相关作品
  • 丛书相关作品
  • 出版社相关作品

书目信息

  • 表格格式
  • 工作单格式
  • 卡片格式
题名:
理夏德·施特劳斯的歌剧《莎乐美》的文化意义
    
 
作者: 殷遐 著
分册:  
出版信息: 北京   中央音乐学院出版社  2006
页数: 10,204页
开本: 21cm
丛书名:
单 册:
中图分类: J832(516)
科图分类:
主题词: 歌剧--艺术评论--德国--近代 , 歌剧 , 艺术评论
电子资源:
ISBN: 7-81096-193-4
000 00899nam0 2200253 450
001 003403209
005 20070805093739.31
010    @a7-81096-193-4@dCNY20.00
100    @a20070327d2006 em y0chiy0110 ea
101 0  @achi
102    @aCN@b110000
105    @aa z 000yy
200 1  @a理夏德·施特劳斯的歌剧《莎乐美》的文化意义@9li xia de · shi te lao si de ge ju 《 sha yue mei 》 de wen hua yi yi@f殷遐著
210    @a北京@c中央音乐学院出版社@d2006
215    @a10,204页@c图@d21cm
300    @a中国音乐学院资助出版
330    @a本书从整体出发,将《莎乐美》这部歌剧置于大的历史环境之内,讨论了它作为西方歌剧史以及西方音乐史当中的一个“点”,与整个历史脉络的“线”之间的关联。
606 0  @a歌剧@x艺术评论@y德国@z近代
606 0  @a歌剧
606 0  @a艺术评论
690    @aJ832(516)@v4
701  0 @a殷遐@9yin xia@c(女)@4著
801  0 @aCN@bNLC@c20070805
905    @a10447@dJ832(516)@e105
    
    理夏德·施特劳斯的歌剧《莎乐美》的文化意义/殷遐著.-北京:中央音乐学院出版社,2006
    10,204页:图;21cm
    中国音乐学院资助出版
    
    ISBN 7-81096-193-4:CNY20.00
    本书从整体出发,将《莎乐美》这部歌剧置于大的历史环境之内,讨论了它作为西方歌剧史以及西方音乐史当中的一个“点”,与整个历史脉络的“线”之间的关联。
●
相关链接 在E读中查询图书 在五车中查询图书 在当当中查询图书 在豆瓣中查询图书


正题名:理夏德·施特劳斯的歌剧《莎乐美》的文化意义     索取号:J832(516)/105         预约/预借

序号 登录号 条形码 馆藏地/架位号 状态 备注
1 0807399   208073993   第一样本阅览室/ [索取号:J832(516)/105] 在馆    
2 0807400   208074000   第一借阅区/ [索取号:J832(516)/105] 在馆    
3 0807401   208074019   第一借阅区/ [索取号:J832(516)/105] 在馆    
4 0807402   208074028   第一借阅区/ [索取号:J832(516)/105] 在馆    
5 0807403   208074037   第一借阅区/ [索取号:J832(516)/105] 在馆    
6 0807404   208074046   第一借阅区/ [索取号:J832(516)/105] 在馆    
7 0807405   208074055   第一借阅区/ [索取号:J832(516)/105] 在馆    
8 0807406   208074064   音乐系资料室/ [索取号:J832(516)/105] 在馆    
9 0807407   208074073   音乐系资料室/ [索取号:J832(516)/105] 在馆    
10 0807408   208074082   音乐系资料室/ [索取号:J832(516)/105] 在馆    
唐山师范学院图书馆 欢迎您!
大连网信软件有限公司© 版权所有